|
|
|
|
| LEADER |
00000ntmaa2200000 a 4500 |
| 001 |
vtls011740067 |
| 003 |
SK-MaSNL |
| 005 |
20260301044521.0 |
| 008 |
230802i1945 xo || 000n0 slo |
| 035 |
|
|
|a urn:nbn:sk:snk-tm00eljx
|
| 035 |
|
|
|a urn:nbn:sk:snk-tm3n3lc
|
| 035 |
|
|
|a 11524A7B-5772-4123-8583-4E7CF02FAD90
|
| 040 |
|
|
|a SNKLA
|b slo
|c SNKLA
|e AACR2
|
| 041 |
0 |
|
|a slo
|
| 044 |
|
|
|a xo
|c SK
|
| 072 |
|
7 |
|a 27-78
|x Kresťanské združenia, spolky a organizácie. Rehoľné rády
|2 konspekt
|
| 080 |
|
|
|a (062.537)
|2 2011
|
| 080 |
|
|
|a 025.171
|2 2011
|
| 080 |
|
|
|a 2-78
|2 2011
|
| 245 |
0 |
0 |
|a Zápisnica krúžku "Aspirantov"
|
| 246 |
2 |
3 |
|a Zápisnica krúžku "Aspirantov" - čakateľov krúžku Don Bosca
|
| 260 |
|
|
|a [Hronský Beňadik]
|c 1945-1946
|
| 300 |
|
|
|a 67 strán
|b rukopis, viazaný
|c 30 cm
|
| 500 |
|
|
|a Titul na štítku prednej dosky; druhá časť titulu doplnená neskôr, iným rukopisom
|
| 520 |
2 |
|
|a Zápisnica krúžku ašpirantov - čakateľov krúžku Don Bosca
|
| 555 |
0 |
|
|a Inventár rukopisov Archívu literatúry a umenia Matice slovenskej. Rukopisy historických knižníc na Slovensku II. Martin : Matica slovenská 1995
|
| 600 |
1 |
7 |
|a Bosco, Ján,
|c svätý,
|d 1815-1888
|2 SNKMA
|9 155860
|
| 610 |
2 |
7 |
|a Saleziáni
|2 SNKKA
|9 29619
|
| 650 |
0 |
7 |
|a náboženské spolky
|2 SNKPH
|9 30995
|
| 651 |
|
7 |
|a Hronský Beňadik (Slovensko)
|2 SNKPHgeo
|9 52051
|
| 655 |
|
7 |
|a zápisnice
|2 SNKPH
|9 325434
|
| 655 |
|
7 |
|a rukopisy
|2 SNKPH
|9 70548
|
| 852 |
|
|
|a Slovenská národná knižnica
|b Literárny archív
|
| 958 |
|
|
|a ZH
|
| 958 |
|
|
|a BLA
|
| 999 |
|
|
|c 596172
|d 598102
|
| 952 |
|
|
|a SNKLA
|b SNKLA
|c SNKLA_DEP
|y NEVYP
|7 0
|p 17A1227881
|o snkRHKS 1761
|0 0
|1 0
|4 0
|d 2018-02-01
|f 1
|l 0
|r 2026-02-23 15:39:09
|w 2026-02-23
|